000
00255nam a22001217a 4500
008
170629b xxu||||| |||| 00| 0 eng d
041
_a
eng
080
_a
82
100
_a
82
101
_a
GJL
245
_a
COLLEGE READING
_c
SANDERLING
942
_2
udc
_c
BK
999
_c
19495
_d
19495